00434cam a2200169ua 45000010005000000080039000050400009000440410008000530820008000611000025000692450062000942500010001562600033001663000011001996530032002106530022002427550141212n ii |||gr||||Z||||||eng cMAIN aeng a050 aMathew, M.,eEditor. aManorama yearbook : b2015 / cEdited by Mammen Mathew .  a50th. aNew Delhi:bMalayala,c2014. a1037p. aGeneral serial publications aManorama yearbook